000
00270nam a2200097Ia 4500
005
20250424112859.0
008
250424s9999 xx 000 0 und d
300
_a
iv. , 202 p. ; 25 cm.
650
_a
English language--Nigeria--Study and teaching--Periodicals.
942
_c
SR
999
_c
37672
_d
37672